000 00631nam a2200241 a 4500
001 nice12345678
003 IN_TiNIC
005 20260116012201.0
008 050524s1996 dela grp 000 0 eng
020 _a8186420002
_c400
082 0 0 _a305.6297
_bJAW
100 _aJawed, Mohammad Nasir
245 _aYear Book of the Muslim World
_b A Handy Encyclopedia
260 _aDelhi
_bMedialine Publccation
_c1996
300 _a779p
500 _aincludes index and biblioraphy
650 _aMuslims
650 _aYear Book 1996
700 1 _aJawed, Mohammad Nasir
902 _bSRS
942 _cBK
999 _c5984
_d5984